01457nam a2200277 a 450000100100000000500170001000800410002704000250006808200200009310000430011324500790015626000450023530000200028050000730030058600250037359000260039865000290042465000310045391000370048495201330052195201330065495201330078795201180092095201240103899900170116200001185220240412074228.0091028s1982 dr 000 j spa d aDO-SdBNPbspacBNPHU aRD863.44bC352v1 aCastillo, Rafael Eduardod1948-92802313aLa viuda de Martín Contreras y otros cuentos /cRafael Eduardo Castillo. aSanto Domingo :bAmigo del Hogar,c1982. a80 p. ;c22 cm. aIncluye datos biográficos en del autor en la solapa de la cubierta aPremio Nacional 1981 aInventariado, 2020/YL 0aCuentos dominicanos9176 0aLiteratura dominicana.967 aValidado. Control de calidad MFF 001054708DSaGRbGRcHDd2009-10-28iLF1l0oRD863.44 C352vp11852-30r2020-06-25te. 3w2020-06-25yLFDSZPréstamo en sala 001054708DSaGRbGRcHDd2009-10-28iLF1l0oRD863.44 C352vp11852-40r2020-06-25te. 4w2020-06-25yLFDSZPréstamo en sala 001054708DSaGRbGRcHDd2009-10-28iLF1l0oRD863.44 C352vp11852-50r2020-06-25te. 5w2020-06-25yLFDSZPréstamo en sala 0010718PDaPDbPDcHDd2009-10-28iLF1l0oRD863.44 C352vp11852-10r2020-06-25w2020-06-25yLFPDZNo se presta 0010718PDaPDbPDcHDd2009-10-28iLF1l0oRD863.44 C352vp11852-20r2020-06-25te. 2w2020-06-25yLFPDZNo se presta c11526d11526